000 00888nam a2200265Ia 4500
005 20220317001408.0
007 ta
008 161108s2014 ck a g 000 0 spa
020 _a9789581414178
040 _aCO-BoRNBP
_bspa
_erda
_cCO-BoRNBP
082 0 4 _a323.4
_bT62
245 1 0 _aTodos nacemos libres
_bla Declaración Universal de los Derechos Humanos ilustrada
250 _a1a. edición
264 _aBogotá
_bMolino
_c2008
_c2014
300 _a[63] páginas
_bilustraciones en color
_c30 cm
336 _atexto
_btxt
_2rdacontent
337 _asin mediación
_bn
_2rdamedia
338 _avolumen
_bnc
_2rdacarrier
534 _tWe are all born free
650 1 4 _2LEMB
_aDerechos humanos
_xEnseñanza elemental
650 1 4 _2LEMB
_aDerechos civiles
_xEnseñanza elemental
650 1 4 _2LEMB
_aLibros ilustrados para niños
700 1 _aFiszbein, Varda
_972058
942 _2ddc
_cBK
999 _c6842
_d6842